Rukověť odpadového hospodářství. [Díl 3], 1997-98 /

Hlavní autor: Řezníček, Tomáš, 1944-
Korporativní autor: Nadace Revia
Další autoři: Havránková, Věra, Beneš, Bohumil, 1934-
Jazyk: Němčina
Čeština
Angličtina
Vydáno: Praha : Nadace Revia, 1997
Témata:
Fyzický popis: 1 sv. (různé stránkování) : il., mapa ; 23 cm
Knihy
Uloženo v:
LEADER 01017nam a2200265 a 4500
001 000261735
003 CZ BrMZK
005 20011120162653.0
008 980105s1997 xr f cze d
040 |a BOA001  |b cze 
041 1 |a cze  |a eng  |a ger 
080 |a 628.4(083.13)  |2 MRF 
080 |a 504.064.45(083.13)  |2 MRF 
100 1 |a Řezníček, Tomáš,  |d 1944-  |7 jk01110130 
245 1 0 |a Rukověť odpadového hospodářství.  |n [Díl 3], 1997-98 /  |c [sestavení zajistili: Tomáš Řezníček, Bohumil Beneš, Věra Havránková]. 
260 |a Praha :  |b Nadace Revia,  |c 1997 
300 |a 1 sv. (různé stránkování) :  |b il., mapa ;  |c 23 cm 
500 |a Bibliogr. 
653 0 |a odpadové hospodářství 
700 1 |a Havránková, Věra  |7 mzk2006323145  |4 aut 
700 1 |a Beneš, Bohumil,  |d 1934-  |7 ola2002150721  |4 com 
710 2 |a Nadace Revia  |7 ko2004230723 
910 |a BOA001  |b TK-0249.151/[3] 
990 |a BK 
996 6 |b 2620009263  |c TK-0249.151/[3]  |l MZK  |r Sklad / do 24 hodin  |n 2  |p kup  |w 000261735  |u 000010  |a 1  |e BOA001  |j MZK50  |s P